[Event "Reykjavik op"]
[Site "Reykjavik"]
[Date "2024.03.20"]
[Round "8"]
[White "Botez, Andrea"]
[Black "Van Veenendaal, Elmer"]
[Result "0-1"]
[WhiteElo "1825"]
[BlackElo "2027"]
[PlyCount "60"]
[EventDate "2024.03.15"]
[EventType "swiss"]
[EventRounds "9"]
[EventCountry "ISL"]
[SourceTitle "CB13_2024"]
[SourceDate "2024.03.27"]
[SourceVersion "1"]
[SourceVersionDate "2024.03.27"]
[SourceQuality "1"]

1. d4 e6 2. Nc3 d5 3. Bf4 Nf6 4. e3 Be7 5. Bd3 a6 6. Nf3 Nbd7 7. Ne5 c5 8. dxc5 Nxc5 9. 0-0 0-0 10. a3 Bd6 11. Ne2 Qc7 12. Nf3 e5 13. Bxh7+ Nxh7 14. b4 Ne4 15. Bg3 Be6 16. Rc1 Rac8 17. Re1 Rfd8 18. Bh4 f6 19. Nd2 Nc3 20. Nxc3 Qxc3 21. Nb3 Qc4 22. Bg3 Ng5 23. f3 b6 24. Qd2 a5 25. bxa5 Bxa3 26. axb6 Bxc1 27. Rxc1 Qb5 28. h4 Nf7 29. b7 Qxb7 30. Qd3 d4 0-1

[Event "Reykjavik op"]
[Site "Reykjavik"]
[Date "2024.03.16"]
[Round "2"]
[White "Geirsson, Kristjan"]
[Black "Van Veenendaal, Elmer"]
[Result "0-1"]
[WhiteElo "1819"]
[BlackElo "2027"]
[PlyCount "62"]
[EventDate "2024.03.15"]
[EventType "swiss"]
[EventRounds "9"]
[EventCountry "ISL"]
[SourceTitle "CB13_2024"]
[SourceDate "2024.03.27"]
[SourceVersion "1"]
[SourceVersionDate "2024.03.27"]
[SourceQuality "1"]

1. e4 g6 2. d4 Bg7 3. Nf3 d6 4. Be3 a6 5. h3 b5 6. Bd3 Bb7 7. Nbd2 Nd7 8. 0-0 Ngf6 9. c3 c5 10. a4 c4 11. Bc2 0-0 12. Qe2 Qc7 13. d5 Nc5 14. axb5 axb5 15. Nd4 Qd7 16. b4 cxb3 17. N4xb3 Na4 18. Qd3 Rfc8 19. Bd4 Nh5 20. Bxg7 Kxg7 21. Qd4+ Kg8 22. c4 Nf4 23. Rfe1 e5 24. dxe6 Nxe6 25. Qe3 bxc4 26. Nd4 c3 27. Nb1 Nec5 28. Ra3 Re8 29. Bxa4 Rxa4 30. Rxa4 Rxe4 31. Qxc3 Qxa4 0-1

[Event "Reykjavik op"]
[Site "Reykjavik"]
[Date "2024.03.15"]
[Round "1"]
[White "Van Veenendaal, Elmer"]
[Black "Garifullina, Leya"]
[Result "0-1"]
[WhiteElo "2027"]
[BlackElo "2413"]
[PlyCount "94"]
[EventDate "2024.03.15"]
[EventType "swiss"]
[EventRounds "9"]
[EventCountry "ISL"]
[SourceTitle "CB13_2024"]
[SourceDate "2024.03.27"]
[SourceVersion "1"]
[SourceVersionDate "2024.03.27"]
[SourceQuality "1"]

1. Nc3 d5 2. e4 d4 3. Nce2 Nc6 4. Nf3 e5 5. Ng3 Be6 6. Bb5 f6 7. d3 Qd7 8. Ba4 0-0-0 9. Bb3 Nge7 10. h3 h5 11. Nh4 g6 12. Bd2 Kb8 13. Qe2 Rg8 14. Nf3 Nc8 15. Nh4 Be7 16. Nf3 Rh8 17. Nh4 Rdg8 18. Nf3 h4 19. Nf1 Nd8 20. N1h2 Nd6 21. c3 N6f7 22. cxd4 exd4 23. Bxe6 Nxe6 24. 0-0 Bd6 25. Ng4 Qd8 26. e5 fxe5 27. Nfxe5 Nxe5 28. Nxe5 Bxe5 29. Qxe5 Re8 30. Rfe1 Rhf8 31. Qb5 a6 32. Qc4 Qf6 33. Re2 Nf4 34. Rxe8+ Rxe8 35. Bxf4 Qxf4 36. b4 g5 37. a4 g4 38. hxg4 Qxg4 39. Rc1 c6 40. f3 Qg5 41. Qc5 Qe3+ 42. Kh2 Qf4+ 43. Kg1 h3 44. Rb1 hxg2 45. Qh5 Qe3+ 46. Kh2 Rg8 47. Rg1 Qf4+ 0-1

[Event "Sitges op 46th"]
[Site "Sitges"]
[Date "2022.07.30"]
[Round "9"]
[White "Cordova Lopez, Diego Anton"]
[Black "Van Veenendaal, Elmer"]
[Result "1-0"]
[WhiteElo "1726"]
[BlackElo "2060"]
[PlyCount "107"]
[EventDate "2022.07.22"]
[EventType "swiss"]
[EventRounds "9"]
[EventCountry "ESP"]
[SourceTitle "CBM 209 Extra"]
[Source "ChessBase"]
[SourceDate "2022.09.30"]
[SourceVersion "1"]
[SourceVersionDate "2022.09.30"]
[SourceQuality "1"]

1. e4 e5 2. Nf3 Nc6 3. Nc3 Nf6 4. a3 Be7 5. d4 d6 6. d5 Nb8 7. Bd3 0-0 8. Ne2 Nbd7 9. b4 a5 10. Bb2 c5 11. Ng3 axb4 12. axb4 Rxa1 13. Bxa1 cxb4 14. Qd2 Nc5 15. Qxb4 Qc7 16. 0-0 Bd7 17. Nd2 Ra8 18. Nc4 Ra4 19. Qb6 Qxb6 20. Nxb6 Ra3 21. Nxd7 Nfxd7 22. Bb5 Nf6 23. f3 g6 24. Rb1 Bd8 25. Kf1 h5 26. Ke2 h4 27. Nf1 Nh5 28. Ne3 Ra2 29. Bc3 Bg5 30. Rb2 Ra3 31. Nd1 Nf4+ 32. Kf2 Ra1 33. Ne3 Ra3 34. Bb4 Ra1 35. Bxc5 dxc5 36. Nc4 Rh1 37. Ne3 h3 38. g3 Rxh2+ 39. Kg1 Rd2 40. gxf4 Bxf4 41. Rb3 Bg3 42. Bf1 h2+ 43. Kh1 Rf2 44. Bg2 Re2 45. d6 Kf8 46. d7 Ke7 47. Rd3 Kd8 48. Nf1 Re1 49. c4 Bf4 50. Rd5 Rc1 51. Bh3 b6 52. Rd6 Rxc4 53. Rxb6 Rb4 54. Rc6 1-0

[Event "Sitges op 43rd"]
[Site "Sitges"]
[Date "2017.07.26"]
[Round "5"]
[White "Chueca Forcen, Alberto"]
[Black "Van Veenendaal, Elmer"]
[Result "1-0"]
[WhiteElo "2361"]
[BlackElo "2077"]
[PlyCount "79"]
[EventDate "2017.07.22"]
[EventType "swiss"]
[EventRounds "9"]
[EventCountry "ESP"]
[SourceTitle "CBM 179 Extra"]
[Source "ChessBase"]
[SourceDate "2017.08.23"]
[SourceVersion "1"]
[SourceVersionDate "2017.08.23"]
[SourceQuality "1"]

1. d4 Nf6 2. Bg5 e6 3. Nf3 c5 4. c3 cxd4 5. cxd4 Qb6 6. Nbd2 Qxb2 7. e4 Bb4 8. Bd3 Nc6 9. Rb1 Qa3 10. Rb3 Qa4 11. Bc2 h6 12. Bxf6 gxf6 13. 0-0 Be7 14. Rxb7 Qxa2 15. Rb1 0-0 16. d5 Nb4 17. Bb3 Qa6 18. Nc4 Kh7 19. d6 Bd8 20. Qd2 Nc6 21. e5 f5 22. Ne3 Ba5 23. Qc1 Bb7 24. Bc4 Bd2 25. Bxa6 Bxc1 26. Bxb7 Bxe3 27. Bxa8 Bb6 28. Bxc6 dxc6 29. Rfc1 c5 30. Nd2 Ba5 31. Nc4 Bb4 32. Ra1 Ra8 33. Ra6 Kg6 34. f4 Kh5 35. h3 Kh4 36. Kf2 Kh5 37. Kf3 Kh4 38. g3+ Kh5 39. d7 Kg6 40. Rxa7 1-0

[Event "Sitges op 43rd"]
[Site "Sitges"]
[Date "2017.07.22"]
[Round "1"]
[White "Perez Mitjans, Orelvis"]
[Black "Van Veenendaal, Elmer"]
[Result "1-0"]
[WhiteElo "2407"]
[BlackElo "2077"]
[PlyCount "97"]
[EventDate "2017.07.22"]
[EventType "swiss"]
[EventRounds "9"]
[EventCountry "ESP"]
[SourceTitle "CBM 179 Extra"]
[Source "ChessBase"]
[SourceDate "2017.08.23"]
[SourceVersion "1"]
[SourceVersionDate "2017.08.23"]
[SourceQuality "1"]

1. e4 g6 2. d4 Bg7 3. Nf3 d6 4. Bd3 Nd7 5. 0-0 e5 6. dxe5 dxe5 7. Bc4 Ngf6 8. Nc3 h6 9. Be3 0-0 10. h3 Qe7 11. Re1 c6 12. a4 a5 13. Qd2 Kh7 14. Bf1 Nc5 15. Bd3 Rd8 16. Qe2 Nh5 17. Bc4 Ne6 18. Bb6 Nhf4 19. Qe3 Re8 20. Bf1 Ng5 21. Nd2 h5 22. h4 Nge6 23. g3 Nd4 24. gxf4 Nxc2 25. Qd3 Nxa1 26. Rxa1 Qxh4 27. fxe5 Bxe5 28. Nf3 Qg4+ 29. Bg2 Bf4 30. Be3 h4 31. Bxf4 Qxf4 32. Ne2 Qg4 33. Qe3 Kg8 34. Nh2 Qh5 35. f4 h3 36. Bf3 Qh4 37. Kh1 Be6 38. Rg1 Rad8 39. Nd4 Kh7 40. Ng4 Bxg4 41. Rxg4 Qe7 42. Qf2 Rh8 43. e5 f5 44. Rg5 Rxd4 45. Qh4+ Kg7 46. Rxg6+ Kxg6 47. Qxe7 Rxf4 48. Qf6+ Kh7 49. Qf7+ 1-0

[Event "Montevideo Duchamp Cup 1st"]
[Site "Montevideo"]
[Date "2017.02.12"]
[Round "6"]
[White "Araque, Jairo"]
[Black "Van Veenendaal, Elmer"]
[Result "0-1"]
[WhiteElo "1888"]
[BlackElo "2094"]
[PlyCount "74"]
[EventDate "2017.02.09"]
[EventType "swiss"]
[EventRounds "9"]
[EventCountry "URU"]
[SourceTitle "CBM 176 Extra"]
[Source "ChessBase"]
[SourceDate "2017.03.02"]
[SourceVersion "1"]
[SourceVersionDate "2017.03.02"]
[SourceQuality "1"]

1. d4 Nf6 2. Nf3 g6 3. Bf4 Bg7 4. e3 0-0 5. Be2 d6 6. 0-0 Nc6 7. h3 Qe8 8. c4 e5 9. Bh2 Ne4 10. Nbd2 exd4 11. Nxe4 Qxe4 12. Bd3 Qe6 13. exd4 Nxd4 14. Nxd4 Bxd4 15. Bxg6 Bxb2 16. Bxh7+ Kxh7 17. Qc2+ Qg6 18. Qxb2 Bxh3 19. Bg3 Be6 20. Rfd1 Rh8 21. Rd4 Bg4 22. Rf4 b6 23. Qd4 Bh5 24. Bh4 f5 25. f3 Rhg8 26. g3 Rae8 27. Kf2 Re5 28. g4 fxg4 29. fxg4 Qc2+ 30. Kg1 Qe2 31. Bf2 Rxg4+ 32. Rxg4 Qxg4+ 33. Qxg4 Bxg4 34. Kg2 Be6 35. Rh1+ Kg6 36. Kf3 Bxc4 37. a3 Bd5+ 0-1

[Event "Montevideo Duchamp Cup 1st"]
[Site "Montevideo"]
[Date "2017.02.12"]
[Round "5"]
[White "Van Veenendaal, Elmer"]
[Black "Zuriel, Marisa"]
[Result "0-1"]
[WhiteElo "2094"]
[BlackElo "2245"]
[PlyCount "94"]
[EventDate "2017.02.09"]
[EventType "swiss"]
[EventRounds "9"]
[EventCountry "URU"]
[SourceTitle "CBM 176 Extra"]
[Source "ChessBase"]
[SourceDate "2017.03.02"]
[SourceVersion "1"]
[SourceVersionDate "2017.03.02"]
[SourceQuality "1"]

1. Nf3 d6 2. d4 Nf6 3. b3 g6 4. Bb2 Bg7 5. e3 0-0 6. Be2 e5 7. dxe5 Nfd7 8. Nbd2 dxe5 9. e4 Qe7 10. 0-0 Rd8 11. Qc1 Bh6 12. Qe1 Nc6 13. Nc4 f6 14. Ba3 Qg7 15. Ne3 Nf8 16. Nd5 Re8 17. Bb5 Bg4 18. Be2 Rad8 19. h3 Bxf3 20. Bxf3 Nd4 21. Bd1 c6 22. Ne3 Nfe6 23. c3 Nb5 24. Bb2 Nf4 25. Be2 Nd6 26. Ng4 Bg5 27. g3 Ne6 28. h4 Bh6 29. Bf3 Nc5 30. Rd1 Nf7 31. Qe2 f5 32. Nxh6+ Qxh6 33. Bc1 Qg7 34. Qc4 Ne6 35. Qb4 Rxd1 36. Rxd1 Nfd8 37. Qd6 fxe4 38. Bxe4 Nf7 39. Qa3 a6 40. Rd7 Qf6 41. Be3 Nfd8 42. Qd6 Nf7 43. Qb4 Nfd8 44. h5 Rf8 45. hxg6 hxg6 46. Bh6 Qxf2+ 47. Kh1 Qf1+ 0-1

[Event "Berlin Spring op-A"]
[Site "Berlin"]
[Date "2014.05.04"]
[Round "7"]
[White "Kolthoff, Siegmund"]
[Black "Van Veenendaal, Elmer"]
[Result "1/2-1/2"]
[WhiteElo "2078"]
[BlackElo "2106"]
[PlyCount "27"]
[EventDate "2014.05.01"]
[EventType "swiss"]
[EventRounds "7"]
[EventCountry "GER"]
[SourceTitle "CBM 160 Extra"]
[Source "ChessBase"]
[SourceDate "2014.07.01"]
[SourceVersion "1"]
[SourceVersionDate "2014.07.01"]
[SourceQuality "1"]

1. Nf3 d5 2. c4 c6 3. d4 Nf6 4. Nc3 e6 5. e3 Nbd7 6. Bd3 Be7 7. 0-0 0-0 8. b3 b6 9. Bb2 Bb7 10. Qe2 Rc8 11. Rac1 Rc7 12. Rfd1 Qa8 13. cxd5 cxd5 14. Nb5 1/2-1/2

[Event "Berlin Spring op-A"]
[Site "Berlin"]
[Date "2014.05.01"]
[Round "2"]
[White "Berchtenbreiter, Maximilian"]
[Black "Van Veenendaal, Elmer"]
[Result "1/2-1/2"]
[WhiteElo "2409"]
[BlackElo "2106"]
[PlyCount "51"]
[EventDate "2014.05.01"]
[EventType "swiss"]
[EventRounds "7"]
[EventCountry "GER"]
[SourceTitle "CBM 160 Extra"]
[Source "ChessBase"]
[SourceDate "2014.07.01"]
[SourceVersion "1"]
[SourceVersionDate "2014.07.01"]
[SourceQuality "1"]

1. b3 d5 2. Bb2 Nf6 3. g3 c6 4. Bg2 Bf5 5. d3 e6 6. Nd2 h6 7. Ngf3 Be7 8. 0-0 0-0 9. Ne5 a5 10. a3 Nbd7 11. e4 Bh7 12. f4 dxe4 13. dxe4 Nxe5 14. fxe5 Ne8 15. Qe2 b5 16. a4 Qb6+ 17. Kh1 Nc7 18. Rf3 Na6 19. c4 bxa4 20. Rxa4 Qb7 21. Nf1 Rfd8 22. g4 Nc5 23. Ra1 Bxe4 24. Rg3 Bxg2+ 25. Kxg2 a4 26. g5 1/2-1/2

[Event "Terre degli Elimi op 3rd"]
[Site "Erice"]
[Date "2012.07.28"]
[Round "5"]
[White "Palazzotto, Giuseppe"]
[Black "Van Veenendaal, Elmer"]
[Result "1/2-1/2"]
[WhiteElo "1893"]
[BlackElo "2096"]
[PlyCount "88"]
[EventDate "2012.07.25"]
[EventType "swiss"]
[EventRounds "7"]
[EventCountry "ITA"]
[SourceTitle "EXT 2013"]
[Source "ChessBase"]
[SourceDate "2012.11.22"]
[SourceVersion "1"]
[SourceVersionDate "2012.11.22"]
[SourceQuality "1"]

1. d4 d6 2. Nf3 Nd7 3. Bf4 c5 4. e3 g6 5. Bc4 Bg7 6. Ng5 Qa5+ 7. c3 Nh6 8. Nd2 0-0 9. 0-0 e5 10. dxe5 dxe5 11. Bg3 Nb6 12. Bb3 Rd8 13. Qe1 Qa6 14. Ngf3 c4 15. Bc2 f6 16. Qe2 Kh8 17. Rfd1 Be6 18. Ne4 Na4 19. b3 Rxd1+ 20. Rxd1 cxb3 21. Qxa6 bxa6 22. axb3 Nb6 23. Nc5 Bf5 24. Bxf5 Nxf5 25. Nxa6 Kg8 26. Kf1 Kf7 27. c4 Ne7 28. Nc7 Rc8 29. Nb5 Ra8 30. Ne1 a5 31. Rd6 Nbc8 32. Rd1 a4 33. Ra1 Nb6 34. c5 axb3 35. Rb1 Nc4 36. Nd6+ Nxd6 37. cxd6 Nf5 38. d7 Rd8 39. Rxb3 Rxd7 40. Nd3 Rc7 41. Ke2 h5 42. f4 h4 43. Be1 Bh6 44. Rc3 Ra7 1/2-1/2

[Event "Terre degli Elimi op 3rd"]
[Site "Erice"]
[Date "2012.07.28"]
[Round "4"]
[White "Van Veenendaal, Elmer"]
[Black "Batsiashvili, Nino"]
[Result "0-1"]
[WhiteElo "2096"]
[BlackElo "2432"]
[PlyCount "56"]
[EventDate "2012.07.25"]
[EventType "swiss"]
[EventRounds "7"]
[EventCountry "ITA"]
[SourceTitle "EXT 2013"]
[Source "ChessBase"]
[SourceDate "2012.11.22"]
[SourceVersion "1"]
[SourceVersionDate "2012.11.22"]
[SourceQuality "1"]

1. d4 d5 2. c4 e6 3. Nc3 Bb4 4. Nf3 Nf6 5. e3 0-0 6. Bd3 c5 7. 0-0 Nc6 8. dxc5 Bxc5 9. a3 a5 10. Qc2 Qe7 11. e4 dxe4 12. Bxe4 Nxe4 13. Nxe4 Nd4 14. Nxd4 Bxd4 15. Be3 Bxe3 16. fxe3 f5 17. Nc3 Bd7 18. Rad1 Bc6 19. Rd4 Qc5 20. Kh1 e5 21. Rdd1 Qxc4 22. Rxf5 Bxg2+ 23. Kg1 Bh3 24. Rxf8+ Rxf8 25. Qe2 Qe6 26. Re1 e4 27. Kh1 Bg4 28. Qb5 Bf3+ 0-1

[Event "Vienna op 17th"]
[Site "Vienna"]
[Date "2011.08.13"]
[Round "1"]
[White "MacKinnon, Keith"]
[Black "Van Veenendaal, Elmer"]
[Result "0-1"]
[WhiteElo "2201"]
[BlackElo "2069"]
[PlyCount "88"]
[EventDate "2011.08.13"]
[EventType "swiss"]
[EventRounds "9"]
[EventCountry "AUT"]
[SourceTitle "CBM 143 Extra"]
[Source "ChessBase"]
[SourceDate "2011.08.29"]
[SourceVersion "1"]
[SourceVersionDate "2011.08.29"]
[SourceQuality "1"]

1. e4 c6 2. d4 d5 3. e5 Bf5 4. Nf3 e6 5. Be2 Be7 6. 0-0 Nd7 7. Nbd2 h5 8. Nb3 g5 9. a4 g4 10. Ne1 f6 11. f3 g3 12. hxg3 fxe5 13. f4 Ngf6 14. fxe5 Ng4 15. Bd3 Bh7 16. Bxh7 Rxh7 17. Nd3 Qb6 18. a5 Qa6 19. Nf4 c5 20. Nxh5 Rxh5 21. Qxg4 Rh1+ 22. Kxh1 Qxf1+ 23. Kh2 0-0-0 24. Bg5 Rh8+ 25. Bh4 Qf7 26. Kg1 Bxh4 27. gxh4 Rg8 28. Qh3 c4 29. Rf1 Qg6 30. Nc5 Qxc2 31. Nxd7 Kxd7 32. Rf7+ Kd8 33. Rxb7 Qd1+ 34. Kh2 Rg4 35. Rxa7 Qxd4 36. Ra8+ Kc7 37. Ra7+ Kb8 38. Rh7 Qxe5+ 39. Kg1 Qe1+ 40. Kh2 Qe5+ 41. Kg1 Rg3 42. Qh1 Re3 43. Rf7 Re1+ 44. Rf1 Qd4+ 0-1

[Event "Guernsey op 35th"]
[Site "Guernsey"]
[Date "2009.10.21"]
[Round "4"]
[White "Downey, Keith"]
[Black "Van Veenendaal, Elmer"]
[Result "0-1"]
[WhiteElo "1931"]
[BlackElo "2120"]
[PlyCount "120"]
[EventDate "2009.10.18"]
[EventType "swiss"]
[EventRounds "7"]
[EventCountry "GCI"]
[SourceTitle "EXT 2010"]
[Source "ChessBase"]
[SourceDate "2010.11.25"]
[SourceVersion "1"]
[SourceVersionDate "2010.11.25"]
[SourceQuality "1"]

1. c4 e5 2. a3 Nf6 3. d3 h6 4. Nf3 Nc6 5. b4 d6 6. Bb2 Be7 7. g3 0-0 8. Bg2 a5 9. b5 Nb8 10. 0-0 Nbd7 11. Nc3 Re8 12. Rc1 Nc5 13. h3 e4 14. dxe4 Nfxe4 15. Nd5 a4 16. Nxe7+ Qxe7 17. Nd4 Rb8 18. Kh2 Qg5 19. Rc2 Qh5 20. Bc1 Ng5 21. Bxg5 hxg5 22. f3 Re3 23. Qc1 Re7 24. Qd2 Bd7 25. g4 Qg6 26. e4 Qf6 27. Kg1 Ra8 28. Rb2 Be6 29. Rc1 Qe5 30. Bf1 g6 31. Qf2 Kg7 32. Rd1 Ree8 33. Qh2 Red8 34. Qf2 Qf4 35. Nc2 Rh8 36. Ne3 Nb3 37. Rbb1 Qe5 38. Nd5 Bxd5 39. Rxd5 Qf4 40. Re1 Rae8 41. Qb2+ Kg8 42. Qf2 b6 43. Kg2 Kg7 44. Qg3 Qxg3+ 45. Kxg3 Kf6 46. Red1 Re7 47. Kf2 Re5 48. Kg3 Rhe8 49. Kf2 Rxd5 50. cxd5 Ke5 51. Ke3 f5 52. Bg2 fxe4 53. fxe4 Rf8 54. Rh1 Rf4 55. Bf3 Nc5 56. h4 Nxe4 57. hxg5 Nxg5 58. Be2 Re4+ 59. Kf2 Kxd5 60. Rc1 Re7 0-1

[Event "Nice op"]
[Site "Nice"]
[Date "2009.08.??"]
[Round "1"]
[White "Van Veenendaal, Elmer"]
[Black "Sanchez, Joseph"]
[Result "0-1"]
[WhiteElo "1981"]
[BlackElo "2491"]
[PlyCount "88"]
[EventDate "2009.08.??"]
[EventType "swiss"]
[EventRounds "9"]
[EventCountry "FRA"]
[SourceTitle "EXT 2010"]
[Source "ChessBase"]
[SourceDate "2010.11.25"]
[SourceVersion "1"]
[SourceVersionDate "2010.11.25"]
[SourceQuality "1"]

1. c4 e5 2. Nc3 Bb4 3. g3 Nf6 4. Bg2 0-0 5. Nf3 Re8 6. 0-0 c6 7. d3 h6 8. a3 Bf8 9. b4 d5 10. cxd5 cxd5 11. Bb2 Nc6 12. Rc1 Bg4 13. Nd2 a5 14. b5 Nd4 15. Re1 Qd7 16. Qa4 Bh3 17. b6 Nc6 18. Nb5 Bxg2 19. Kxg2 Rac8 20. Nc7 Red8 21. Nb3 Qf5 22. Nxa5 Nxa5 23. Qxa5 h5 24. Qa4 Ng4 25. Rf1 e4 26. dxe4 dxe4 27. h3 Nh6 28. Rc4 Rd2 29. Rc2 Rcd8 30. Bc1 Rxe2 31. Rxe2 Qf3+ 32. Kg1 Qxe2 33. Qb5 Qf3 34. Qg5 Rd6 35. Be3 Nf5 36. Qf4 Qxf4 37. gxf4 Nxe3 38. fxe3 Rxb6 39. a4 Rb3 40. a5 Rxe3 41. Rb1 Rxh3 42. Rxb7 Ra3 43. a6 Bd6 44. Nd5 Rxa6 0-1